000 00958nam a2200265Ia 4500
003 OSt
005 20221005111843.0
006 a|||||r|||| 00| 0
007 ta
008 221004b |||||||| |||| 00| 0 hin d
020 _a8187566396 (hbk)
_c350
024 _a89756
037 _b1576, 24/12/2007, Vidyanidhi Prakashan
_cTextual
040 _aCRL
_cCRL
_bhin
041 _2hin
_ahin
082 _aQ1:311, 152P6
100 _aमिश्र, पारसनाथ
245 0 _aवैदिक एवं पौराणिक साहित्य में इन्द्र
246 _aVaidik evan paurāṇik sāhitya mean indra
260 _aवाराणसी
_bकला प्रकाशन ं
_c2006
300 _a168पृ0
_ccm.
650 _aधर्म
942 _hQ1:311, 152P6
_cTEXL
_2cc
999 _c1023099
_d1023099